[Event "IM-Turnier"]
[Site "Hamburg"]
[Date "2006.10.20"]
[Round "7.3"]
[White "Pajeken, Wolfgang"]
[Black "Chevelevitch, Dr. Evgueni"]
[Result "1/2-1/2"]
[WhiteElo "2360"]
[BlackElo "2431"]
[PlyCount "97"]
[EventDate "2006.??.??"]
[SourceDate "2002.11.15"]

1. d4 Nf6 2. c4 g6 3. Nc3 Bg7 4. e4 d6 5. Nf3 O-O 6. Be2 e5 7. O-O Nc6 8. d5
Ne7 9. Ne1 Nd7 10. Be3 f5 11. f3 f4 12. Bf2 g5 13. Rc1 a6 14. Nd3 b6 15. b4 Rf6
16. c5 Rh6 17. cxd6 cxd6 18. Be1 Nf6 19. Nf2 Rg6 20. b5 a5 21. Na4 h5 22. h3
Kh8 23. Rc3 Bd7 24. Qc2 Rc8 25. Rc6 g4 26. Rxc8 Bxc8 27. fxg4 hxg4 28. Nxg4
Bxg4 29. hxg4 Nxg4 30. Bxg4 Rxg4 31. Rf3 Ng6 32. Qe2 Kg8 33. Rh3 Rg5 34. Rh5
Bf6 35. Rxg5 Bxg5 36. Qg4 Kh7 37. Bf2 Bh4 38. Bxb6 Qe8 39. Nc3 Be1 40. a4 Qb8
41. Qd7+ Kh6 42. Bc7 Qf8 43. Bxd6 Qf6 44. Qe6 Qg5 45. Ne2 f3 46. Qh3+ Nh4 47.
Qe6+ Ng6 48. Qh3+ Nh4 49. Qe6+ 1/2-1/2

[Event "IM-Turnier"]
[Site "Hamburg"]
[Date "2006.10.20"]
[Round "7.4"]
[White "Breuer, Stefan"]
[Black "Sawatzki, Frank"]
[Result "1/2-1/2"]
[WhiteElo "2330"]
[BlackElo "2386"]
[PlyCount "41"]
[EventDate "2006.??.??"]
[SourceDate "2002.11.15"]

1. g3 Nf6 2. f4 d5 3. Bg2 g6 4. Nf3 Bg7 5. O-O O-O 6. d3 c5 7. Qe1 Nc6 8. c3 d4
9. Bd2 Nd5 10. Na3 e5 11. fxe5 Nxe5 12. Nxe5 Bxe5 13. Nc4 Bg7 14. e4 dxe3 15.
Nxe3 Be6 16. Qe2 Qd7 17. Rad1 Rfe8 18. Qf2 Rac8 19. Nxd5 Bxd5 20. Bxd5 Qxd5 21.
Be3 1/2-1/2

[Event "IM-Turnier"]
[Site "Hamburg"]
[Date "2006.10.16"]
[Round "8.1"]
[White "Abel, Dennes"]
[Black "Berg, Klaus"]
[Result "1/2-1/2"]
[WhiteElo "2286"]
[BlackElo "2392"]
[PlyCount "148"]
[EventDate "2006.??.??"]
[SourceDate "2002.11.15"]

1. e4 c6 2. Nf3 d5 3. exd5 cxd5 4. Ne5 Nf6 5. d4 Nc6 6. Bb5 Bd7 7. Nxd7 Qxd7 8.
c3 a6 9. Bd3 Qg4 10. Qxg4 Nxg4 11. O-O e6 12. Nd2 Bd6 13. g3 O-O 14. Re1 b5 15.
a3 Rfb8 16. f4 a5 17. Nf3 b4 18. axb4 axb4 19. Bd2 bxc3 20. bxc3 Na5 21. f5
exf5 22. Bxf5 Nf6 23. Bg5 Ne8 24. Reb1 Rxb1+ 25. Bxb1 Nc7 26. Bd3 h6 27. Bd2
Nc4 28. Rxa8+ Nxa8 29. Bxc4 dxc4 30. Be3 Nb6 31. Kf2 Ba3 32. Ke2 Bb2 33. Bd2
Nd5 34. Ne5 Bxc3 35. Bxc3 Nxc3+ 36. Kf3 Nb5 37. Ke4 c3 38. Kd3 c2 39. Kxc2
Nxd4+ 40. Kd3 Ne6 41. Ke3 f6 42. Ng6 Kf7 43. Nh8+ Ke7 44. Ng6+ Kf7 45. Nh8+ Ke8
46. Ng6 Nf8 47. Nf4 Kf7 48. Nd5 Ke6 49. Nf4+ Kf5 50. Kf3 g5 51. Ne2 Ne6 52. Nc3
Ke5 53. Nd1 f5 54. Nf2 h5 55. Nd3+ Kd4 56. Nb4 Kc4 57. Na2 Kb3 58. Nc1+ Kc2 59.
Ne2 Kd2 60. Kf2 g4 61. Kf1 Ke3 62. Nc3 f4 63. gxf4 Nxf4 64. Nb5 h4 65. Nd6 Kf3
66. Nf5 h3 67. Ng3 Nd3 68. Kg1 Ne5 69. Nf5 Kf4 70. Ng3 Nf3+ 71. Kh1 Ke3 72.
Nf5+ Kf2 73. Nh6 Nxh2 74. Nxg4+ Nxg4 1/2-1/2

[Event "IM-Turnier"]
[Site "Hamburg"]
[Date "2006.10.16"]
[Round "8.2"]
[White "Sawatzki, Frank"]
[Black "Kopylov, Michael"]
[Result "1-0"]
[WhiteElo "2386"]
[BlackElo "2469"]
[PlyCount "123"]
[EventDate "2006.??.??"]
[SourceDate "2002.11.15"]

1. e4 c5 2. Nf3 e6 3. d4 cxd4 4. Nxd4 Qb6 5. Nb3 Qc7 6. Bd3 Nf6 7. Qe2 d6 8. f4
Nbd7 9. Be3 a6 10. N1d2 b6 11. O-O Bb7 12. Kh1 Be7 13. Bf2 O-O 14. Bg3 g6 15.
Bh4 e5 16. Bg5 exf4 17. Bxf4 Ne5 18. Nf3 Nh5 19. Bh6 Rfe8 20. Nxe5 dxe5 21. Qf2
Bf8 22. Be3 b5 23. a4 Bg7 24. Nc5 Bc6 25. axb5 axb5 26. Rxa8 Rxa8 27. b4 Nf4
28. Bxf4 exf4 29. Qe2 Qb8 30. Qd2 Be5 31. c4 Ra3 32. h3 Qd8 33. Qe2 bxc4 34.
Bxc4 Re3 35. Qg4 Rg3 36. Bxf7+ Kh8 37. Qe6 Qd6 38. Qc8+ Kg7 39. Bc4 Kh6 40. Be2
Rc3 41. Bf3 Bb5 42. Rg1 Qf6 43. Qg4 Qe7 44. Rd1 Rc4 45. Ne6 Rc6 46. Nc5 Rd6 47.
Rd5 Bc4 48. h4 Kg7 49. Rxd6 Bxd6 50. h5 Bf7 51. hxg6 hxg6 52. Kh2 Be5 53. Qd7
Qh4+ 54. Kg1 Qf6 55. Nd3 Bd4+ 56. Kf1 Kh6 57. Qh3+ Kg7 58. Qd7 Kg8 59. Nxf4 Be3
60. Nd5 Qb2 61. Nxe3 Qc1+ 62. Ke2 1-0

[Event "IM-Turnier"]
[Site "Hamburg"]
[Date "2006.10.16"]
[Round "8.4"]
[White "Breutigam, Martin"]
[Black "Pajeken, Wolfgang"]
[Result "1-0"]
[WhiteElo "2387"]
[BlackElo "2360"]
[PlyCount "57"]
[EventDate "2006.??.??"]
[SourceDate "2002.11.15"]

1. d4 Nf6 2. Nf3 e6 3. e3 b6 4. Bd3 Bb7 5. O-O d5 6. Ne5 Bd6 7. Nd2 O-O 8. b3
Ne4 9. f3 Nxd2 10. Bxd2 f6 11. Ng4 f5 12. Ne5 Nd7 13. Bc3 a5 14. Qe2 Bxe5 15.
dxe5 Nc5 16. Bb2 Nxd3 17. cxd3 c5 18. Rfd1 a4 19. d4 Qd7 20. Ba3 Rfc8 21. Rdb1
cxd4 22. exd4 Ba6 23. Qd2 axb3 24. Rxb3 Bc4 25. Rc3 Ra4 26. Bd6 f4 27. Qxf4
Bxa2 28. Rc7 Qe8 29. Qf7+ 1-0

[Event "IM-Turnier"]
[Site "Hamburg"]
[Date "2006.10.16"]
[Round "8.5"]
[White "Fries-Nielsen, Jens-Ove"]
[Black "Bakker, Sven"]
[Result "1-0"]
[WhiteElo "2380"]
[BlackElo "2237"]
[PlyCount "73"]
[EventDate "2006.??.??"]
[SourceDate "2002.11.15"]

1. e4 c6 2. d3 d5 3. Nd2 e5 4. Ngf3 Bd6 5. d4 exd4 6. exd5 cxd5 7. Nb3 Nc6 8.
Nbxd4 Nge7 9. Bd3 Bg4 10. h3 Bh5 11. Be3 Rc8 12. c3 a6 13. Nf5 Kf8 14. Nxd6
Qxd6 15. O-O f6 16. Be2 Bxf3 17. Bxf3 Ne5 18. Be2 Kf7 19. Qb3 Qc6 20. Qc2 g6
21. Rad1 Rhd8 22. Rfe1 Nf5 23. Bd4 Rc7 24. Qb3 Rcd7 25. Bb6 Rc8 26. Bd4 Rcd8
27. Bf1 Kg7 28. Bxe5 fxe5 29. Rxe5 d4 30. cxd4 Nxd4 31. Rxd4 Rxd4 32. Re7+ Kf6
33. Qf7+ Kg5 34. g3 Qc5 35. h4+ Kg4 36. Qf3+ Kxf3 37. Be2# 1-0

[Event "IM-Turnier"]
[Site "Hamburg"]
[Date "2006.10.16"]
[Round "9.1"]
[White "Bakker, Sven"]
[Black "Abel, Dennes"]
[Result "1/2-1/2"]
[WhiteElo "2237"]
[BlackElo "2286"]
[PlyCount "98"]
[EventDate "2006.??.??"]
[SourceDate "2002.11.15"]

1. d4 d5 2. c4 c6 3. Nf3 Nf6 4. e3 Bf5 5. Nc3 e6 6. Nh4 Bg6 7. Nxg6 hxg6 8. Bd2
Bd6 9. g3 Nbd7 10. Qe2 O-O 11. Bg2 Qe7 12. O-O Rfd8 13. e4 dxe4 14. Nxe4 Nxe4
15. Qxe4 Nf6 16. Qe2 Bc7 17. Bc3 Bb6 18. Rad1 a6 19. d5 Qe8 20. dxe6 Qxe6 21.
Qxe6 fxe6 22. Bf3 Kf7 23. Kg2 Ng8 24. Rxd8 Rxd8 25. Rd1 Rxd1 26. Bxd1 Ne7 27.
b3 Nf5 28. Bc2 Bd4 29. Bd2 Kf6 30. h4 Bb2 31. Bg5+ Kf7 32. g4 Nd6 33. Be3 Be5
34. f4 Bc3 35. Bc5 Nc8 36. Bf2 Nd6 37. Kf3 Ne8 38. Bd3 Nf6 39. Bg3 Bb4 40. Be2
Bd2 41. Bf2 Bb4 42. Bd3 Bd2 43. Bc2 Bb4 44. Bg3 Bc3 45. g5 Ng8 46. Kg4 Ne7 47.
h5 gxh5+ 48. Kxh5 g6+ 49. Kg4 Nf5 1/2-1/2

[Event "IM-Turnier"]
[Site "Hamburg"]
[Date "2006.10.16"]
[Round "9.2"]
[White "Pajeken, Wolfgang"]
[Black "Fries-Nielsen, Jens-Ove"]
[Result "1/2-1/2"]
[WhiteElo "2360"]
[BlackElo "2380"]
[PlyCount "38"]
[EventDate "2006.??.??"]
[SourceDate "2002.11.15"]

1. d4 e6 2. Nf3 Nf6 3. g3 b5 4. Bg2 d5 5. O-O c5 6. a4 b4 7. c4 bxc3 8. Nxc3
Bb7 9. Bf4 Na6 10. Rc1 Be7 11. dxc5 Bxc5 12. e4 O-O 13. e5 Nd7 14. Nb5 Nb4 15.
Qd2 Nc6 16. Rfd1 Qb6 17. Ng5 h6 18. Nf3 Rfd8 19. h4 a6 1/2-1/2

[Event "IM-Turnier"]
[Site "Hamburg"]
[Date "2006.10.16"]
[Round "9.3"]
[White "Breuer, Stefan"]
[Black "Breutigam, Martin"]
[Result "1/2-1/2"]
[WhiteElo "2330"]
[BlackElo "2387"]
[PlyCount "76"]
[EventDate "2006.??.??"]
[SourceDate "2002.11.15"]

1. e4 e6 2. d4 d5 3. Nc3 Nf6 4. e5 Nfd7 5. Nf3 c5 6. dxc5 Bxc5 7. Bd3 Nc6 8.
Bf4 f6 9. exf6 Nxf6 10. O-O O-O 11. Ne5 Bd7 12. Qe2 Qe7 13. Rae1 Rae8 14. a3 a6
15. Kh1 Bd4 16. Nd1 Ne4 17. Nxc6 Bxc6 18. Be3 Be5 19. f4 Bd6 20. Nf2 Nxf2+ 21.
Rxf2 e5 22. fxe5 Qxe5 23. Rxf8+ Bxf8 24. c3 Bd6 25. Bg1 Qg5 26. Qf2 Rf8 27. Qc2
Qh4 28. Rf1 Rxf1 29. Bxf1 Qf4 30. Bd3 h6 31. Qe2 Kf7 32. Qh5+ Ke7 33. Qg6 Qe5
34. Qg4 a5 35. Qh4+ Qf6 36. Qxf6+ Kxf6 37. Bb6 a4 38. Bd4+ Kf7 1/2-1/2

[Event "IM-Turnier"]
[Site "Hamburg"]
[Date "2006.10.16"]
[Round "9.4"]
[White "Kopylov, Michael"]
[Black "Chevelevitch, Dr. Evgueni"]
[Result "1/2-1/2"]
[WhiteElo "2469"]
[BlackElo "2431"]
[PlyCount "53"]
[EventDate "2006.??.??"]
[SourceDate "2002.11.15"]

1. d4 Nf6 2. c4 g6 3. g3 Bg7 4. Bg2 O-O 5. Nc3 d6 6. Nf3 c5 7. O-O Nc6 8. d5
Na5 9. Nd2 a6 10. Qc2 Bd7 11. b3 b5 12. Bb2 b4 13. Nd1 Nb7 14. e4 a5 15. a4
bxa3 16. Rxa3 Qc7 17. f4 Ra6 18. Ne3 Rfa8 19. e5 Ng4 20. Nxg4 Bxg4 21. Bc3 Bf5
22. Qb2 Qb6 23. Be4 Bd7 24. Nf3 a4 25. Ng5 Be8 26. e6 f6 27. Nf3 1/2-1/2

[Event "IM-Turnier"]
[Site "Hamburg"]
[Date "2006.10.16"]
[Round "9.5"]
[White "Berg, Klaus"]
[Black "Sawatzki, Frank"]
[Result "1/2-1/2"]
[WhiteElo "2392"]
[BlackElo "2386"]
[PlyCount "94"]
[EventDate "2006.??.??"]
[SourceDate "2002.11.15"]

1. d4 e6 2. Nf3 c5 3. e3 Nf6 4. Bd3 b6 5. O-O Bb7 6. c4 Bxf3 7. Qxf3 Nc6 8.
dxc5 Ne5 9. Qe2 Nxd3 10. Qxd3 Bxc5 11. Nc3 O-O 12. b3 Qb8 13. h3 Rd8 14. Bb2 d5
15. cxd5 Nxd5 16. Rfd1 Qc7 17. Nxd5 Rxd5 18. Qc2 Rad8 19. Rxd5 Rxd5 20. Qc3 f6
21. b4 Bd6 22. Qb3 Qe7 23. a3 Qd7 24. Rc1 Kf7 25. g3 Be7 26. Bd4 Ke8 27. h4 g6
28. Kg2 Kf8 29. Bb2 Rd3 30. Qc4 Rd2 31. Bc3 Qd5+ 32. Qxd5 Rxd5 33. Kf3 Rd7 34.
e4 Rc7 35. Bd2 Rxc1 36. Bxc1 b5 37. Ke3 Ke8 38. f4 Kd7 39. Bb2 a6 40. Bc3 Bd8
41. Bd4 f5 42. Bc3 Bb6+ 43. Kf3 h5 44. Be5 a5 45. Bc3 axb4 46. axb4 Kc6 47. Bd2
Bd4 1/2-1/2